Euripides, plays / (Record no. 527599)
[ view plain ]
| 000 -LEADER | |
|---|---|
| fixed length control field | 00903cam a2200277 a 4500 |
| 001 - CONTROL NUMBER | |
| control field | 502670 |
| 003 - CONTROL NUMBER IDENTIFIER | |
| control field | NUST |
| 005 - DATE AND TIME OF LATEST TRANSACTION | |
| control field | 20190801045549.0 |
| 008 - FIXED-LENGTH DATA ELEMENTS--GENERAL INFORMATION | |
| fixed length control field | 850319m19009999enk 000 0 eng |
| 010 ## - LIBRARY OF CONGRESS CONTROL NUMBER | |
| LC control number | 85131388 |
| 038 ## - RECORD CONTENT LICENSOR | |
| Staff Name | Muhammad Ibrahim |
| 040 ## - CATALOGING SOURCE | |
| Original cataloging agency | DLC |
| Transcribing agency | DLC |
| Modifying agency | DLC |
| 050 00 - LIBRARY OF CONGRESS CALL NUMBER | |
| Classification number | PA3975 |
| Item number | .A1 1959b |
| 082 00 - DEWEY DECIMAL CLASSIFICATION NUMBER | |
| Classification number | 882.01 |
| Edition number | 19 |
| Author Mark | EUR 1959 |
| 100 0# - MAIN ENTRY--PERSONAL NAME | |
| Personal name | Euripides. |
| 9 (RLIN) | 18929 |
| 245 10 - TITLE STATEMENT | |
| Title | Euripides, plays / |
| Statement of responsibility, etc. | translated by A.S. Way ; introduction by John Warrington. |
| 260 ## - PUBLICATION, DISTRIBUTION, ETC. | |
| Place of publication, distribution, etc. | London : |
| Name of publisher, distributor, etc. | J.M. Dent ; |
| Place of publication, distribution, etc. | New York : |
| Name of publisher, distributor, etc. | E.P. Dutton, |
| Date of publication, distribution, etc. | <1959- > |
| 300 ## - PHYSICAL DESCRIPTION | |
| Extent | v. <2 > ; |
| Dimensions | 19 cm. |
| 490 0# - SERIES STATEMENT | |
| Series statement | Everyman's library ; |
| Volume/sequential designation | 271. |
| Series statement | Classical |
| 600 00 - SUBJECT ADDED ENTRY--PERSONAL NAME | |
| Personal name | Euripides |
| General subdivision | Translations into English. |
| 9 (RLIN) | 18930 |
| 650 #0 - SUBJECT ADDED ENTRY--TOPICAL TERM | |
| Topical term or geographic name entry element | Mythology, Greek |
| General subdivision | Drama. |
| 9 (RLIN) | 18931 |
| 655 #7 - INDEX TERM--GENRE/FORM | |
| Genre/form data or focus term | Tragedies. |
| Source of term | gsafd |
| 9 (RLIN) | 5046 |
| 700 1# - ADDED ENTRY--PERSONAL NAME | |
| Personal name | Warrington, John. |
| 9 (RLIN) | 18932 |
| 906 ## - LOCAL DATA ELEMENT F, LDF (RLIN) | |
| a | 7 |
| b | cbc |
| c | orignew |
| d | 2 |
| e | ncip |
| f | 19 |
| g | y-gencatlg |
| 942 ## - ADDED ENTRY ELEMENTS (KOHA) | |
| Source of classification or shelving scheme | |
| Koha item type | Book |
| Withdrawn status | Lost status | Source of classification or shelving scheme | Damaged status | Not for loan | Permanent Location | Current Location | Shelving location | Date acquired | Total Checkouts | Full call number | Barcode | Date last seen | Price effective from | Koha item type |
|---|---|---|---|---|---|---|---|---|---|---|---|---|---|---|
| Centre for International Peace & Stability (CIPS) | Centre for International Peace & Stability (CIPS) | General Stacks | 08/01/2019 | 882.01 EUR 1959 | CIPSD0000535 | 08/01/2019 | 08/01/2019 | Book | ||||||
| Centre for International Peace & Stability (CIPS) | Centre for International Peace & Stability (CIPS) | General Stacks | 08/01/2019 | 882.01 EUR 1959 | CIPSD0000536 | 08/01/2019 | 08/01/2019 | Book |
